<?xml version="1.0" encoding="UTF-8"?>
<record
    xmlns:xsi="http://www.w3.org/2001/XMLSchema-instance"
    xsi:schemaLocation="http://www.loc.gov/MARC21/slim http://www.loc.gov/standards/marcxml/schema/MARC21slim.xsd"
    xmlns="http://www.loc.gov/MARC21/slim">

  <leader>00856nam a2200205   4500</leader>
  <controlfield tag="005">20220316123310.0</controlfield>
  <controlfield tag="008">220316b           mx ||||| |||| 00| 0 spa d</controlfield>
  <datafield tag="020" ind1=" " ind2=" ">
    <subfield code="a">9786070310904</subfield>
  </datafield>
  <datafield tag="020" ind1=" " ind2=" ">
    <subfield code="a">9786078657438</subfield>
  </datafield>
  <datafield tag="050" ind1="0" ind2="4">
    <subfield code="a">F1232</subfield>
    <subfield code="b">C66 2020</subfield>
  </datafield>
  <datafield tag="245" ind1="1" ind2="3">
    <subfield code="a">La consumaci&#xF3;n de la Independencia : </subfield>
    <subfield code="b">Los significados 27 de septiembre de 1821, II</subfield>
    <subfield code="c">/ por Jaime Olveda, compilaci&#xF3;n y estudio introductorio</subfield>
  </datafield>
  <datafield tag="250" ind1=" " ind2=" ">
    <subfield code="a">1a ed. </subfield>
  </datafield>
  <datafield tag="260" ind1=" " ind2=" ">
    <subfield code="a">Ciudad de M&#xE9;xico : </subfield>
    <subfield code="b">Siglo XXI : Colegio de M&#xE9;xico : </subfield>
    <subfield code="c">2020.</subfield>
  </datafield>
  <datafield tag="300" ind1=" " ind2=" ">
    <subfield code="a">406 p. ;</subfield>
    <subfield code="c">21 cm. </subfield>
  </datafield>
  <datafield tag="490" ind1=" " ind2=" ">
    <subfield code="a">Colecci&#xF3;n : Historia </subfield>
  </datafield>
  <datafield tag="600" ind1="1" ind2=" ">
    <subfield code="a">Iturbide, Agust&#xED;n, </subfield>
    <subfield code="d">1783-1824.</subfield>
    <subfield code="v">Fuentes </subfield>
    <subfield code="y">Regencia e Imperio de Iturbide, 1821-1823.</subfield>
  </datafield>
  <datafield tag="651" ind1=" " ind2="7">
    <subfield code="2">Lemb </subfield>
    <subfield code="a">M&#xE9;xico</subfield>
    <subfield code="x">Historia</subfield>
    <subfield code="y">Guerra de Independencia, 1810-1821 </subfield>
    <subfield code="v">Fuentes</subfield>
  </datafield>
  <datafield tag="700" ind1="1" ind2=" ">
    <subfield code="a">Olveda, Jaime, </subfield>
    <subfield code="e">compilaci&#xF3;n y estudio introductorio.</subfield>
  </datafield>
  <datafield tag="942" ind1=" " ind2=" ">
    <subfield code="2">lcc</subfield>
    <subfield code="c">LIB</subfield>
  </datafield>
  <datafield tag="999" ind1=" " ind2=" ">
    <subfield code="c">161117</subfield>
    <subfield code="d">161115</subfield>
  </datafield>
</record>
